00269nam a2200109Ia 4500008004100000041000800041082001200049100000900061245003700070260003300107300001900140241015s9999 xx 000 0 und d aeng a658 BAR aBari aPredictive Analytics For Dummies bWiley IndiaaNew Delhic2017 a443;. P. 23 cm